Personnages Grey's Anatomy - Statistiques

Statistiques générales
  • Ce quiz a été pris 301 fois
  • Le résultat moyen est 34 sur 45
Statistiques - réponses
Par images Réponse % Correct
Meredith Grey
97%
Arizona Robbins
95%
Izzie Stevens
95%
Owen Hunt
95%
Amelia Sheperd
94%
Cristina Yang
94%
Mark Sloan
94%
Alex Karev
93%
Derek Sheperd
93%
George O'Malley
93%
Miranda Bailey
93%
April Kepner
92%
Callie Torres
92%
Lexie Grey
92%
Richard Webber
91%
Ellis Grey
90%
Jackson Avery
90%
Addison Montgomery
88%
Jo Wilson
88%
Teddy Altman
88%
Catherine Fox
86%
Maggie Pierce
86%
Andrew DeLuca
83%
Preston Burke
83%
Ben Warren
78%
Tom Koracick
75%
Carina DeLuca
73%
Erica Hanh
72%
Stephanie Edwards
71%
Megan Hunt
70%
Atticus Lincoln
68%
Levi Schmitt
66%
Nathan Riggs
66%
Leah Murphy
62%
Penny Blake
59%
Shane Ross
59%
Charles Percy
58%
Reed Adamson
51%
Taryn Helm
50%
Heather Brooks
44%
Winston Ndugu
44%
Nick Marsh
41%
Nicole Hermann
32%
Cormac Hayes
30%
BokHee An
28%
Aucun quiz correspondant
Distribution des résultats
% des personnes avec chaque résultat
Percentile par nombre de réponses
Votre historique - résultats
Vous n’avez pas pris ce quiz